Unité urbaine de Bayeux sur une carte - Statistiques

Statistiques générales
  • Ce quiz a été pris 5 fois
  • Le résultat moyen est 3 sur 6
Réponses sur la Carte
Les réponses sont colorées sur une échelle allant du rouge au vert en fonction du pourcentage des utilisateurs qui les ont devinées à leur premier essai. Vous pouvez retrouver ces pourcentages ci-dessous.
 
Statistiques - réponses
Population (hab.) Commune % Correct
12 659 Bayeux
100%
2 443 Saint-Vigor-le-Grand
50%
599 Vaucelles
50%
601 Monceaux-en-Bessin
25%
504 Saint-Loup-Hors
25%
784 Saint-Martin-des-Entrées
25%
Aucun quiz correspondant
Distribution des résultats
% des personnes avec chaque résultat
Percentile par nombre de réponses
Votre historique - résultats
Vous n’avez pas pris ce quiz